[Event "February 1800+"]
[Site "SchemingMind.com"]
[Date "2015.02.01"]
[Round "-"]
[White "John Hamer"]
[Black "Stephen Woodhouse"]
[Result "1-0"]
[WhiteCountry "ENG"]
[BlackCountry "ENG"]
[WhiteElo "2053"]
[WhiteRD "58"]
[BlackElo "1883"]
[BlackRD "48"]
[GameID "373956"]

1. c4 e6 2. Nc3 d5 3. d4 c5 4. cxd5 exd5 5. Nf3 Nc6 6. dxc5 d4 7. Na4 Bxc5 8. Nxc5 Qa5+ 9. Bd2 Qxc5 10. Rc1 Qb6
11. e3 dxe3 12. Bxe3 Qb4+ 13. Bd2 Qe7+ 14. Be2 Nf6 15. O-O O-O 16. Bb5 Bd7 17. Re1 Qd6 18. Qc2 Rfe8 19. Red1 Qe7 20. Bg5 a6
21. Bd3 h6 22. Bxf6 gxf6 23. Bh7+ Kh8 24. Bf5 Rad8 25. Re1 Qf8 26. Be4 Qg7 27. Qb3 f5 28. Bd5 Rg8 29. g3 Be6 30. Bxe6 fxe6
31. Rxe6 f4 32. Rc5 fxg3 33. hxg3 Rdf8 34. Rd5 Rf7 35. Rdd6
1-0

[Event "February 1800+"]
[Site "SchemingMind.com"]
[Date "2015.02.01"]
[Round "-"]
[White "Stephen Woodhouse"]
[Black "John Hamer"]
[Result "1/2-1/2"]
[WhiteCountry "ENG"]
[BlackCountry "ENG"]
[WhiteElo "1883"]
[WhiteRD "48"]
[BlackElo "2053"]
[BlackRD "58"]
[GameID "373957"]

1. e4 c6 2. d4 d5 3. exd5 cxd5 4. c4 e6 5. Nc3 Nf6 6. Nf3 Bb4 7. cxd5 exd5 8. Bd3 O-O 9. Ne5 Nc6 10. O-O h6
11. Nxc6 bxc6 12. Bf4 Bd6 13. Qf3 Rb8 14. Bxd6 Qxd6 15. b3 Rb4 16. Ne2 Bg4 17. Qe3 Re8 18. Qd2 Ne4 19. Bxe4 dxe4 20. Rfd1 Rd8
21. Rac1 Bxe2=
1/2-1/2

[Event "February 1800+"]
[Site "SchemingMind.com"]
[Date "2015.02.01"]
[Round "-"]
[White "John Hamer"]
[Black "Ramesh Panwar"]
[Result "0-1"]
[WhiteCountry "ENG"]
[BlackCountry "IND"]
[WhiteElo "2053"]
[WhiteRD "58"]
[BlackElo "2329"]
[BlackRD "52"]
[GameID "373968"]

1. d4 d5 2. c4 e6 3. Nc3 Nf6 4. Nf3 Be7 5. Bf4 Nbd7 6. e3 O-O 7. Be2 c6 8. O-O Nh5 9. Qc2 Nxf4 10. exf4 g6
11. cxd5 exd5 12. Rfe1 Bd6 13. f5 Nb6 14. Bd3 Qf6 15. fxg6 fxg6 16. Re3 Bf4 17. Ree1 Be6 18. h3 Bh6 19. h4 Bf4 20. h5 Bg4
21. hxg6 Bxf3 22. gxh7+ Kh8 23. gxf3 Qh6 24. Bg6 Qh3 25. Nd1 Nc4 26. Rb1 Nd2
0-1

[Event "February 1800+"]
[Site "SchemingMind.com"]
[Date "2015.02.01"]
[Round "-"]
[White "Ramesh Panwar"]
[Black "John Hamer"]
[Result "1-0"]
[WhiteCountry "IND"]
[BlackCountry "ENG"]
[WhiteElo "2329"]
[WhiteRD "52"]
[BlackElo "2053"]
[BlackRD "58"]
[GameID "373969"]

1. d4 Nf6 2. c4 e6 3. Nc3 c5 4. d5 exd5 5. cxd5 d6 6. e4 g6 7. f4 Bg7 8. Bd3 O-O 9. Nf3 Re8 10. O-O a6
11. a4 b6 12. Qc2 Qc7 13. Bc4 Nbd7 14. Bd2 Bb7 15. Rfe1 Re7 16. Qd3 Qb8 17. Rac1 Bc8 18. e5 dxe5 19. d6 e4 20. Nxe4 Rxe4
21. Rxe4 Nxe4 22. Qxe4 Bb7 23. Qe7 Bxf3 24. Bxf7+ Kh8 25. gxf3 Bd4+ 26. Kf1 Nf6 27. Bc3
1-0

[Event "February 1800+"]
[Site "SchemingMind.com"]
[Date "2015.02.01"]
[Round "-"]
[White "Stephen Woodhouse"]
[Black "Ramesh Panwar"]
[Result "0-1"]
[WhiteCountry "ENG"]
[BlackCountry "IND"]
[WhiteElo "1883"]
[WhiteRD "48"]
[BlackElo "2329"]
[BlackRD "52"]
[GameID "373970"]

1. e4 c5 2. c3 e6 3. d4 d5 4. exd5 exd5 5. Nf3 Nc6 6. Bb5 a6 7. Bxc6+ bxc6 8. O-O Bd6 9. Re1+ Ne7 10. dxc5 Bxc5
11. Bg5 O-O 12. Nd4 Bd7 13. Nd2 Bd6 14. Qf3 Re8 15. Nf5 Bxf5 16. Bxe7 Bxe7 17. Qxf5 g6 18. Qd3 Qb6 19. Nb3 a5 20. Qd4 Qb5
21. Qd2 Rab8 22. Nd4 Qxb2 23. Qxb2 Rxb2 24. Nxc6 Kf8 25. Rxe7 Rxe7 26. Nxe7 Kxe7 27. Kf1 Rc2 28. Rb1 a4 29. Rb7+ Ke6 30. Rb6+ Ke5
31. Rb7 Rxa2 32. Rxf7 a3 33. Re7+ Kf5 34. Rxh7 Rc2 35. g3 Rc1+ 36. Ke2 a2
0-1

[Event "February 1800+"]
[Site "SchemingMind.com"]
[Date "2015.02.01"]
[Round "-"]
[White "Ramesh Panwar"]
[Black "Stephen Woodhouse"]
[Result "1-0"]
[WhiteCountry "IND"]
[BlackCountry "ENG"]
[WhiteElo "2329"]
[WhiteRD "52"]
[BlackElo "1883"]
[BlackRD "48"]
[GameID "373971"]

1. d4 e6 2. Nc3 d5 3. e4 Nf6 4. e5 Nfd7 5. f4 c5 6. Nf3 Nc6 7. Be3 cxd4 8. Nxd4 Bc5 9. Qd2 Nxd4 10. Bxd4 Bxd4
11. Qxd4 Qb6 12. Qxb6 Nxb6 13. O-O-O Bd7 14. b3 Ke7 15. Kb2 g6 16. Bd3 h5 17. Ne2 Bc6 18. Nd4 Nd7 19. g3 Nc5 20. Be2 Rac8
21. a4 Ne4 22. Rhe1 Bd7 23. Bf3 f5 24. exf6+ Nxf6 25. Re2 Kf7 26. Rde1 Rhe8 27. h3 Re7 28. g4 hxg4 29. hxg4 Rce8 30. a5 a6
31. g5 Nh7 32. b4 Nf8 33. c4 dxc4 34. Bxb7 Bb5 35. Nxb5 axb5 36. Bc6 Rb8 37. Re5 Nd7 38. Rxb5 Rxb5 39. Bxb5
1-0

[Event "February 1800+"]
[Site "SchemingMind.com"]
[Date "2015.02.02"]
[Round "-"]
[White "John Hamer"]
[Black "Kent"]
[Result "0-1"]
[WhiteCountry "ENG"]
[BlackCountry "USA"]
[WhiteElo "2053"]
[WhiteRD "58"]
[BlackElo "2149"]
[BlackRD "67"]
[GameID "373984"]

1. d4 f5 2. Nf3 Nf6 3. c4 g6 4. Nc3 Bg7 5. g3 d6 6. Bg2 O-O 7. O-O Qe8 8. Re1 Qf7 9. b3 Ne4 10. Qc2 Nc6
11. Nb5 Nb4 12. Qd1 c5 13. a3 Nc6 14. Be3 a6 15. Nc7 Rb8 16. Nd5 Be6 17. Nb6 f4 18. Bxf4 cxd4 19. Rc1 Bg4 20. Qc2 Nc3
21. Ng5 Qe8 22. Nd5 Bf5 23. Ne4 Nxe4 24. Bxe4 e6 25. Bxf5 Rxf5 26. e4 Rf7 27. Bxd6 Rd8
0-1

[Event "February 1800+"]
[Site "SchemingMind.com"]
[Date "2015.02.02"]
[Round "-"]
[White "Kent"]
[Black "John Hamer"]
[Result "1-0"]
[WhiteCountry "USA"]
[BlackCountry "ENG"]
[WhiteElo "2149"]
[WhiteRD "67"]
[BlackElo "2053"]
[BlackRD "58"]
[GameID "373985"]

1. d4 Nf6 2. c4 g6 3. Nc3 Bg7 4. e4 O-O 5. h3 d6 6. Bg5 c5 7. d5 e6 8. Bd3 exd5 9. exd5 Re8+ 10. Nge2 Nbd7
11. f4 Nb6 12. O-O h6 13. Bh4 Bd7 14. Ng3 Qc7 15. Qc2 Rab8 16. Nce4 Nh7 17. Kh2 Na4 18. f5 Nxb2 19. fxg6 fxg6 20. Bf6 Nxd3
21. Qxd3 Bf5 22. Bxg7 Bxe4 23. Nxe4 Kxg7 24. Qc3+ Kg8 25. Qg3 Rbd8 26. Nf6+ Nxf6 27. Rxf6 g5 28. Rg6+ Kh7 29. Qd3 Re7 30. Rf1 Rg7
31. Rff6 Kg8 32. Rxg7+ Kxg7 33. Qg6+
1-0

[Event "February 1800+"]
[Site "SchemingMind.com"]
[Date "2015.02.01"]
[Round "-"]
[White "Kent"]
[Black "Stephen Woodhouse"]
[Result "1-0"]
[WhiteCountry "USA"]
[BlackCountry "ENG"]
[WhiteElo "2149"]
[WhiteRD "67"]
[BlackElo "1883"]
[BlackRD "48"]
[GameID "373986"]

1. d4 e6 2. c4 f5 3. g3 Nf6 4. Bg2 d5 5. Qc2 c6 6. Nh3 Bd6 7. O-O O-O 8. Bf4 Be7 9. Nd2 Nh5 10. Nf3 Nxf4
11. Nxf4 Bd6 12. Nd3 Bd7 13. Rac1 Be8 14. b4 Nd7 15. e3 Qe7 16. a4 Bf7 17. c5 Bc7 18. b5 g6 19. Nb4 cxb5 20. axb5 e5
21. Nxe5 Nxe5 22. dxe5 Qxe5 23. Rfd1 Rad8 24. Rd4 Rd7 25. Qa4 Bb8 26. b6
1-0

[Event "February 1800+"]
[Site "SchemingMind.com"]
[Date "2015.02.01"]
[Round "-"]
[White "Stephen Woodhouse"]
[Black "Kent"]
[Result "1/2-1/2"]
[WhiteCountry "ENG"]
[BlackCountry "USA"]
[WhiteElo "1883"]
[WhiteRD "48"]
[BlackElo "2149"]
[BlackRD "67"]
[GameID "373987"]

1. e4 e6 2. d4 d5 3. Nd2 dxe4 4. Nxe4 Nd7 5. Nf3 Ngf6 6. Bd3 Be7 7. Qe2 Nxe4 8. Qxe4 Nf6 9. Qh4 Nd5 10. Qg3 Bf6
11. Bd2 Qd6 12. c4 Ne7 13. O-O-O Bd7 14. Bc3 Qxg3 15. hxg3 h6 16. Ne5 Bxe5 17. dxe5 Bc6 18. f3 O-O-O 19. Rhe1 b6 20. Be4 Bxe4
21. Rxd8+ Rxd8 22. Rxe4 Rd7 23. g4 a5 24. Rd4 Rxd4=
1/2-1/2

[Event "February 1800+"]
[Site "SchemingMind.com"]
[Date "2015.02.02"]
[Round "-"]
[White "Kent"]
[Black "Ramesh Panwar"]
[Result "1/2-1/2"]
[WhiteCountry "USA"]
[BlackCountry "IND"]
[WhiteElo "2149"]
[WhiteRD "67"]
[BlackElo "2329"]
[BlackRD "52"]
[GameID "373988"]

1. d4 Nf6 2. c4 e6 3. Nc3 Bb4 4. e3 O-O 5. Ne2 d5 6. a3 Be7 7. cxd5 exd5 8. Nf4 Re8 9. Bd3 c6 10. O-O Na6
11. f3 Nc7 12. Bc2 c5 13. dxc5 Bxc5 14. Re1 a5 15. Kh1 Bd7 16. Ncxd5 Ncxd5 17. Nxd5 Bc6 18. Nxf6+ Qxf6 19. e4 Bf2 20. Rf1 Rad8
21. Qe2 Bb6 22. Bb3 Qe5 23. a4 Rd7 24. Bc4 Kh8 25. Ra3 f5 26. Rb3 Bc5 27. Bb5 fxe4 28. Bxc6 bxc6 29. Qxe4 Qxe4 30. fxe4 h6
31. Rc3 Bb4 32. Rc4 Rde7 33. Rxc6 Rxe4 34. h3 Rd8 35. g3 Re2 36. Rg1 Rd3 37. Rg2 Re1+ 38. Kh2 Bd6=
1/2-1/2

[Event "February 1800+"]
[Site "SchemingMind.com"]
[Date "2015.02.01"]
[Round "-"]
[White "Ramesh Panwar"]
[Black "Kent"]
[Result "1-0"]
[WhiteCountry "IND"]
[BlackCountry "USA"]
[WhiteElo "2329"]
[WhiteRD "52"]
[BlackElo "2149"]
[BlackRD "67"]
[GameID "373989"]

1. c4 b6 2. d4 e6 3. e4 Bb7 4. Nc3 Bb4 5. Bd3 f5 6. f3 fxe4 7. fxe4 Nf6 8. Qe2 Bxc3+ 9. bxc3 Nxe4 10. Qh5+ g6
11. Qh6 Qf6 12. Nf3 Qf8 13. Qe3 Nd6 14. O-O Qg7 15. Ng5 Nf5 16. Qf4 Na6 17. c5 Nxc5 18. dxc5 Qxc3 19. Bxf5 gxf5 20. Be3 Qb2
21. Bf2 Rg8 22. Rfe1 O-O-O 23. cxb6 axb6 24. Rac1 Bc6 25. g3 Rxg5 26. Qxg5 Qxa2 27. Red1 Qb3 28. Qe3 Kb7 29. Qxb3
1-0

[Event "February 1800+"]
[Site "SchemingMind.com"]
[Date "2015.02.11"]
[Round "-"]
[White "John Hamer"]
[Black "Karsten Kjeldsen"]
[Result "0-1"]
[WhiteCountry "ENG"]
[BlackCountry "DEN"]
[WhiteElo "2043"]
[WhiteRD "65"]
[BlackElo "2292"]
[BlackRD "80"]
[GameID "374545"]

1. d4 Nf6 2. Nf3 g6 3. c4 Bg7 4. Nc3 O-O 5. h3 d5 6. cxd5 Nxd5 7. e4 Nxc3 8. bxc3 c5 9. Be2 Nc6 10. Be3 cxd4
11. cxd4 Qa5+ 12. Bd2 Qa3 13. d5 Ne5 14. Nxe5 Bxe5 15. O-O Bd7 16. Rb1 Qxa2 17. Rxb7= Ba4 18. Qc1 Rfc8 19. Qe1 Rcb8 20. Ba6 Rxb7
21. Bxb7 Rb8 22. Ba6 Bd7 23. Bd3 Qa3 24. Qe3 a5 25. Bc1 Qb3 26. f4 Bg7 27. Bd2 a4 28. Rb1 Bb2 29. Qa7= Rf8 30. Bf1 a3
31. Re1 Qa4 32. Be3 Qxa7 33. Bxa7 Ra8 34. Bc5 Bc3 35. Rd1 a2
0-1

[Event "February 1800+"]
[Site "SchemingMind.com"]
[Date "2015.02.11"]
[Round "-"]
[White "Karsten Kjeldsen"]
[Black "John Hamer"]
[Result "1-0"]
[WhiteCountry "DEN"]
[BlackCountry "ENG"]
[WhiteElo "2280"]
[WhiteRD "76"]
[BlackElo "2053"]
[BlackRD "58"]
[GameID "374546"]

1. e4 e5 2. Nf3 Nc6 3. Bb5 Nf6 4. O-O Bc5 5. Nxe5 Nxe5 6. d4 a6 7. Be2 Nxe4 8. dxc5 Nxc5 9. Qd4 d6 10. f4 Ng6
11. Qxg7 Bf5 12. g4 Qe7 13. gxf5 Qxe2 14. fxg6 Qg4+ 15. Kh1 O-O-O 16. Qd4 hxg6 17. Nc3 Rh3 18. Be3 Ne6 19. Qd2 Ng7 20. Bd4 Nf5
21. Rg1 Ng3+ 22. Rxg3 Qxg3 23. Qg2 Qh4 24. Ne4 Qh5 25. Nf6 Qh4 26. Kg1 Rh8 27. Ng4 f5 28. Bxh8 fxg4= 29. Bd4
1-0

[Event "February 1800+"]
[Site "SchemingMind.com"]
[Date "2015.02.10"]
[Round "-"]
[White "Karsten Kjeldsen"]
[Black "Kent"]
[Result "1-0"]
[WhiteCountry "DEN"]
[BlackCountry "USA"]
[WhiteElo "2280"]
[WhiteRD "76"]
[BlackElo "2149"]
[BlackRD "67"]
[GameID "374547"]

1. e4 e6 2. d4 d5 3. Nc3 Bb4 4. e5 c5 5. a3 Bxc3+ 6. bxc3 Ne7 7. Qg4 cxd4 8. Qxg7 Rg8 9. Qxh7 Qc7 10. Ne2 dxc3
11. f4 Nbc6 12. Nxc3 Nd4 13. Qd3 Nef5 14. Bb2 Bd7 15. O-O-O Rc8 16. Rd2 Qa5 17. g3 Rc5 18. Bg2 Bb5 19. Nxb5 Rxb5 20. Bxd4
1-0

[Event "February 1800+"]
[Site "SchemingMind.com"]
[Date "2015.02.10"]
[Round "-"]
[White "Kent"]
[Black "Karsten Kjeldsen"]
[Result "0-1"]
[WhiteCountry "USA"]
[BlackCountry "DEN"]
[WhiteElo "2149"]
[WhiteRD "67"]
[BlackElo "2280"]
[BlackRD "76"]
[GameID "374548"]

1. d4 Nf6 2. c4 e6 3. Nc3 Bb4 4. e3 O-O 5. Ne2 d5 6. a3 Be7 7. cxd5 exd5 8. Bd2 Re8 9. Nf4 c5 10. Bb5 Nc6
11. dxc5 d4 12. exd4 Bxc5+ 13. Nfe2 Bxd4 14. O-O Bg4 15. Bg5 Bxe2 16. Bxe2 h6 17. Bxf6 Qxf6 18. Bf3 Rad8 19. Qc2 Be5 20. Bxc6 Qxc6
21. Rad1 Bxc3 22. bxc3 b5 23. Rxd8 Rxd8 24. h3 Qc5 25. Qb2 a5 26. Rb1 Qe5 27. Rc1 g6 28. g3 Rd3 29. Qc2 Qe4 30. Qb2 Qc6
31. Qc2 Qc4 32. Kh2 Kh7 33. h4 Qd5 34. Kg1 Rd2 35. Qb1 Re2 36. Rf1 h5 37. Qd1 Rd2 38. Qc1 Kg7 39. Qb1 Ra2 40. Rd1 Qc4
41. Rd4 Qxc3 42. Qxa2 Qxd4
0-1

[Event "February 1800+"]
[Site "SchemingMind.com"]
[Date "2015.02.10"]
[Round "-"]
[White "Karsten Kjeldsen"]
[Black "Stephen Woodhouse"]
[Result "1-0"]
[WhiteCountry "DEN"]
[BlackCountry "ENG"]
[WhiteElo "2280"]
[WhiteRD "76"]
[BlackElo "1883"]
[BlackRD "48"]
[GameID "374549"]

1. b3 e5 2. Bb2 Nc6 3. e3 f5 4. Bb5 d6 5. Ne2 Nf6 6. O-O Be6 7. d4 Be7 8. dxe5 dxe5 9. Qxd8+ Rxd8 10. Bxe5 Bd6
11. Bxf6 gxf6 12. Bxc6+ bxc6 13. c4 Be5 14. Nbc3 Rd3 15. Rac1 Ke7 16. Rfd1 Rhd8 17. Nd5+
1-0

[Event "February 1800+"]
[Site "SchemingMind.com"]
[Date "2015.02.10"]
[Round "-"]
[White "Stephen Woodhouse"]
[Black "Karsten Kjeldsen"]
[Result "0-1"]
[WhiteCountry "ENG"]
[BlackCountry "DEN"]
[WhiteElo "1883"]
[WhiteRD "48"]
[BlackElo "2280"]
[BlackRD "76"]
[GameID "374550"]

1. e4 c5 2. c3 Nf6 3. e5 Nd5 4. d4 cxd4 5. Nf3 Nc6 6. cxd4 d6 7. Bc4 e6 8. O-O Be7 9. Qe2 O-O 10. Nc3 Nxc3
11. bxc3 dxe5 12. dxe5 Qc7 13. Bd3 b6 14. Bg5 g6 15. Qe4 Bxg5 16. Nxg5 Nxe5 17. Qxa8 Bb7 18. Qxa7 Ra8
0-1

[Event "February 1800+"]
[Site "SchemingMind.com"]
[Date "2015.02.11"]
[Round "-"]
[White "Karsten Kjeldsen"]
[Black "Ramesh Panwar"]
[Result "1/2-1/2"]
[WhiteCountry "DEN"]
[BlackCountry "IND"]
[WhiteElo "2280"]
[WhiteRD "76"]
[BlackElo "2329"]
[BlackRD "52"]
[GameID "374551"]

1. d4 Nf6 2. c4 e6 3. Nc3 Bb4 4. e3 c5 5. Bd3 d5 6. Nf3 O-O 7. O-O Nc6 8. a3 Bxc3 9. bxc3 b6 10. cxd5 exd5
11. Ne5 Qc7 12. Nxc6 Qxc6 13. f3 Re8 14. a4 Bd7 15. a5 b5 16. Re1 Rab8 17. Bb2 c4 18. Bc2 b4 19. cxb4 Rxb4 20. Ba3 Rbb8
21. Qd2 Qc7 22. Qc3 Bc6 23. Rab1=
1/2-1/2

[Event "February 1800+"]
[Site "SchemingMind.com"]
[Date "2015.02.11"]
[Round "-"]
[White "Ramesh Panwar"]
[Black "Karsten Kjeldsen"]
[Result "1/2-1/2"]
[WhiteCountry "IND"]
[BlackCountry "DEN"]
[WhiteElo "2329"]
[WhiteRD "52"]
[BlackElo "2280"]
[BlackRD "76"]
[GameID "374552"]

1. e4 c5 2. Nf3 d6 3. d4 cxd4 4. Nxd4 Nf6 5. Nc3 a6 6. Bg5 e6 7. f4 Be7 8. Qf3 Qc7 9. O-O-O Nbd7 10. g4 b5
11. Bxf6 Nxf6 12. g5 Nd7 13. a3 Rb8 14. Bh3 Nc5 15. Rhg1 b4 16. axb4 Rxb4 17. f5 Bd7 18. f6 gxf6 19. gxf6 Bf8 20. Bxe6 Nxe6
21. Nd5 Qc4=
1/2-1/2

[Event "February 1800+"]
[Site "SchemingMind.com"]
[Date "2015.02.24"]
[Round "-"]
[White "Mirta Crevani"]
[Black "John Hamer"]
[Result "1/2-1/2"]
[WhiteCountry "ARG"]
[BlackCountry "ENG"]
[WhiteElo "2148"]
[WhiteRD "87"]
[BlackElo "2054"]
[BlackRD "66"]
[GameID "375321"]

1. c4 Nf6 2. Nc3 c5 3. e4 Nc6 4. g4 h6 5. Bg2 d6 6. h3 g6 7. d3 Bg7 8. Be3 Qb6 9. Qd2 Be6 10. f4 O-O-O
11. Nge2 Qa5 12. O-O-O Nb4 13. a3 Nc6 14. Nd5 Qxd2+ 15. Rxd2 Kb8 16. Kb1 Bd7 17. Ka2 Rc8 18. b3 h5 19. g5 Nxd5 20. cxd5 Nd4
21. Rc1 e6 22. dxe6 fxe6 23. Bxd4 Bxd4 24. Nxd4 cxd4 25. Rdc2 Rxc2+ 26. Rxc2 Bb5 27. Bf1 Rf8 28. Rf2 Bd7=
1/2-1/2

[Event "February 1800+"]
[Site "SchemingMind.com"]
[Date "2015.02.24"]
[Round "-"]
[White "John Hamer"]
[Black "Mirta Crevani"]
[Result "1/2-1/2"]
[WhiteCountry "ENG"]
[BlackCountry "ARG"]
[WhiteElo "2054"]
[WhiteRD "66"]
[BlackElo "2148"]
[BlackRD "87"]
[GameID "375322"]

1. d4 f5 2. e4 fxe4 3. Nc3 Nf6 4. Bg5 c6 5. f3 Qa5 6. Qd2 e5 7. O-O-O Bb4 8. Bxf6 gxf6 9. Nge2 O-O 10. fxe4 d6
11. a3 Bxc3 12. Nxc3 Be6 13. Be2 Na6 14. dxe5 dxe5 15. Qh6 Qc7 16. Rhf1 Qg7 17. Qe3 Qe7 18. Qg3+ Kh8 19. Qh4 Nc7 20. a4 b5
21. axb5 Nxb5 22. Nxb5 cxb5 23. Bxb5 Rab8 24. Bd3 Qb4 25. b3 Bxb3 26. Rxf6=
1/2-1/2

[Event "February 1800+"]
[Site "SchemingMind.com"]
[Date "2015.02.24"]
[Round "-"]
[White "Mirta Crevani"]
[Black "Karsten Kjeldsen"]
[Result "1/2-1/2"]
[WhiteCountry "ARG"]
[BlackCountry "DEN"]
[WhiteElo "2212"]
[WhiteRD "92"]
[BlackElo "2287"]
[BlackRD "83"]
[GameID "375323"]

1. e4 c5 2. d4 cxd4 3. c3 dxc3 4. Nxc3 Nc6 5. Nf3 e6 6. Bc4 a6 7. O-O b5 8. Bb3 Bb7 9. a4 b4 10. Nd5 Na5
11. Bg5 f6 12. Ne5 Bxd5 13. exd5 Nxb3 14. dxe6 dxe6 15. Qxb3 Qd5 16. Nc4 fxg5 17. Rad1 Qf5 18. Rfe1 Bc5 19. Nd6+ Bxd6=
1/2-1/2

[Event "February 1800+"]
[Site "SchemingMind.com"]
[Date "2015.02.24"]
[Round "-"]
[White "Karsten Kjeldsen"]
[Black "Mirta Crevani"]
[Result "1/2-1/2"]
[WhiteCountry "DEN"]
[BlackCountry "ARG"]
[WhiteElo "2287"]
[WhiteRD "83"]
[BlackElo "2212"]
[BlackRD "92"]
[GameID "375324"]

1. b3 Nf6 2. Bb2 g6 3. Nf3 Bg7 4. g3 O-O 5. Bg2 d6 6. d4 e5 7. dxe5 Ng4 8. h3 Nxe5 9. Nxe5 Bxe5 10. Bxe5 dxe5
11. Qxd8 Rxd8 12. Nd2 c6 13. O-O-O Be6 14. Nc4 Rxd1+ 15. Rxd1 Nd7 16. e4 Kf8 17. Na5 Rb8 18. Kd2 Ke7 19. Bf1 Nc5 20. Ke3 f5
21. exf5=
1/2-1/2

[Event "February 1800+"]
[Site "SchemingMind.com"]
[Date "2015.02.24"]
[Round "-"]
[White "Mirta Crevani"]
[Black "Kent"]
[Result "1/2-1/2"]
[WhiteCountry "ARG"]
[BlackCountry "USA"]
[WhiteElo "2212"]
[WhiteRD "92"]
[BlackElo "2176"]
[BlackRD "61"]
[GameID "375325"]

1. c4 e6 2. g3 d5 3. Bg2 Nf6 4. d4 dxc4 5. Nf3 c5 6. O-O Nc6 7. dxc5 Qxd1 8. Rxd1 Bxc5 9. Nbd2 b6 10. Ne5 Nxe5
11. Bxa8 O-O 12. Ne4 Nxe4 13. Bxe4 Ng4 14. e3 f5 15. Bg2 Ne5 16. Bd2 Nd3 17. Bc3 Ba6 18. Bf1 e5 19. Bxd3 cxd3 20. Bxe5 Rd8
21. Bc3 Bb7 22. Rd2 Be4 23. a3 a5 24. Bd4 Bxd4 25. exd4 Rxd4 26. Rc1 Bf3 27. Rc3 Be2 28. f3 f4 29. Kf2 g5 30. Rc6 fxg3+
31. hxg3 Rd5 32. Rxb6 Rf5 33. Rxe2 dxe2 34. Kxe2 h5 35. b4 axb4 36. axb4 Kf7 37. Rh6 Rb5 38. Rxh5 Kg6 39. g4 Rxb4 40. Kf2 Rb3
41. Rh8 Kg7 42. Ra8 Rb4 43. Ra5 Kg6 44. Rf5 Rb6 45. f4 gxf4 46. Rxf4 Kg5 47. Ra4=
1/2-1/2

[Event "February 1800+"]
[Site "SchemingMind.com"]
[Date "2015.02.24"]
[Round "-"]
[White "Kent"]
[Black "Mirta Crevani"]
[Result "1/2-1/2"]
[WhiteCountry "USA"]
[BlackCountry "ARG"]
[WhiteElo "2176"]
[WhiteRD "61"]
[BlackElo "2212"]
[BlackRD "92"]
[GameID "375326"]

1. d4 f5 2. Bg5 h6 3. Bh4 g5 4. e4 Bg7 5. Bg3 fxe4 6. h4 Nf6 7. hxg5 hxg5 8. Rxh8+ Bxh8 9. Qd2 g4 10. Nc3 d5
11. Bxc7 Qxc7 12. Qh6 g3 13. Qxh8+ Kf7 14. f3 Bf5 15. O-O-O Qc8 16. Qxc8 Bxc8 17. fxe4 dxe4 18. Nge2 Bg4 19. Re1 Bxe2 20. Bxe2 Nc6
21. Bc4+ Kg7 22. Nxe4 Nxd4 23. Nxg3 Kf8 24. Rh1 Re8 25. Rh8+ Kg7 26. Rxe8 Nxe8 27. c3 Nc6 28. Bb5 Nd6 29. Bxc6 bxc6 30. Kc2 Kf6
31. Kd3 Ke6 32. Ne4 Nf5 33. g4 Nh4 34. Kd4 Nf3+ 35. Kc5 Ne5 36. Nf2 Kf6 37. b4 Kg5 38. a4 Kf4 39. b5 cxb5 40. axb5 Kg3
41. Kd5 Nf7 42. Ke6 Kxf2 43. Kxe7 Ne5 44. g5 Ke3 45. c4 Kd4 46. Kf6 Nxc4 47. g6 Nd6 48. Ke6 Ne8 49. Ke7 Ng7 50. Kd6=
1/2-1/2

[Event "February 1800+"]
[Site "SchemingMind.com"]
[Date "2015.02.24"]
[Round "-"]
[White "Mirta Crevani"]
[Black "Stephen Woodhouse"]
[Result "1/2-1/2"]
[WhiteCountry "ARG"]
[BlackCountry "ENG"]
[WhiteElo "2212"]
[WhiteRD "92"]
[BlackElo "1873"]
[BlackRD "50"]
[GameID "375327"]

1. Nf3 e6 2. b3 f5 3. Bb2 Nf6 4. d3 Be7 5. Nbd2 O-O 6. g3 b6 7. Bg2 Bb7 8. O-O h6 9. c4 d6 10. Qc2 Nbd7
11. e4 fxe4 12. Nd4 Kf7 13. Nxe4 Nxe4 14. dxe4 e5 15. Nf5 Kg8 16. f4 Bf6 17. b4 exf4 18. gxf4 Bxb2 19. Qxb2 Qf6 20. Qxf6 Nxf6
21. e5 Bxg2 22. Kxg2 dxe5 23. fxe5 Ng4 24. Rae1 Rae8 25. e6 Nf6 26. Rf4 Nh7 27. e7 Rf6 28. h4 g5 29. hxg5 Nxg5 30. Rff1 Rg6
31. Kh2 Nf7 32. Rd1 Nd6 33. Nxd6 Rxd6 34. Rxd6 cxd6 35. Rf6 Rxe7=
1/2-1/2

[Event "February 1800+"]
[Site "SchemingMind.com"]
[Date "2015.02.24"]
[Round "-"]
[White "Stephen Woodhouse"]
[Black "Mirta Crevani"]
[Result "0-1"]
[WhiteCountry "ENG"]
[BlackCountry "ARG"]
[WhiteElo "1859"]
[WhiteRD "49"]
[BlackElo "2228"]
[BlackRD "119"]
[GameID "375328"]

1. e4 e6 2. d4 d5 3. Nd2 Nc6 4. c3 e5 5. exd5 Qxd5 6. Ngf3 exd4 7. Bc4 Qh5 8. cxd4 Be6 9. Qe2 O-O-O 10. Bxe6+ fxe6
11. Qxe6+ Kb8 12. O-O Bd6 13. h3 Nge7 14. Ne4 Rhe8 15. Qc4 Rf8 16. Nxd6 Rxd6 17. Be3 Rxf3 18. gxf3 Qxh3
0-1

[Event "February 1800+"]
[Site "SchemingMind.com"]
[Date "2015.02.24"]
[Round "-"]
[White "Mirta Crevani"]
[Black "Ramesh Panwar"]
[Result "1/2-1/2"]
[WhiteCountry "ARG"]
[BlackCountry "IND"]
[WhiteElo "2212"]
[WhiteRD "92"]
[BlackElo "2342"]
[BlackRD "55"]
[GameID "375329"]

1. e4 e5 2. d4 exd4 3. c3 d5 4. exd5 Nf6 5. Bb5+ Nbd7 6. cxd4 Bb4+ 7. Nc3 O-O 8. Ne2 Nb6 9. O-O Nbxd5 10. a3 Bd6
11. Nxd5 Nxd5 12. Nc3 Be6 13. Bd3 c6 14. Ne4 Re8 15. Bg5 Be7 16. Bxe7 Qxe7 17. Qd2 h6 18. Rfe1 b6 19. Rac1 Qd7 20. Nc3 Rad8
21. Nxd5 Qxd5 22. Be4 Qxd4 23. Qxd4 Rxd4 24. Bxc6 Red8 25. Be4 a5 26. h3 Rd2 27. b4 axb4 28. axb4 Rb2 29. Rb1 Rxb1 30. Rxb1=
1/2-1/2

[Event "February 1800+"]
[Site "SchemingMind.com"]
[Date "2015.02.24"]
[Round "-"]
[White "Ramesh Panwar"]
[Black "Mirta Crevani"]
[Result "1-0"]
[WhiteCountry "IND"]
[BlackCountry "ARG"]
[WhiteElo "2342"]
[WhiteRD "55"]
[BlackElo "2212"]
[BlackRD "92"]
[GameID "375330"]

1. e4 c6 2. d4 d5 3. e5 Bf5 4. Nf3 e6 5. Be2 Ne7 6. O-O Nd7 7. Nc3 Bg4 8. b3 Nf5 9. Bb2 Be7 10. h3 Bxf3
11. Bxf3 c5 12. dxc5 Nxc5 13. b4 Nd7 14. Nxd5 exd5 15. Qxd5 Nb6 16. Qb5+ Qd7 17. Qxd7+ Nxd7 18. Bxb7 Rd8 19. Be4 g6 20. e6 Nf6
21. Bc6+ Kf8 22. Rad1 Rc8 23. b5 Ng7 24. exf7 Kxf7 25. Bd4 Rc7 26. Rfe1 Rd8 27. Be5 Rcc8 28. Rd4 Rxd4 29. g4 g5 30. Bxd4 Rc7
31. Re3 h5 32. h4 Kg6 33. Be5 Rc8 34. gxh5+ Ngxh5 35. Bd4 Rc7 36. hxg5 Kxg5 37. Re5+ Kg6 38. a4 Bd6 39. Re6 Bf4 40. Bf3 Kf7
41. Ra6 Rxc2 42. Rxa7+ Ke6 43. Ra6+ Ke7 44. b6 Rc4 45. Be3 Bb8 46. Ra8 Bd6 47. a5 Rb4 48. a6 Nf4 49. Bxf4 Bxf4 50. b7
1-0